00314nam a22001097a 4500003000400000082001600004100001800020245010300038260004100141300000700182650001500189SGT a617.3bE21S aSINGH, SAURAV aEffects Of Close Kinetic Chain Exercises On Ankle Kinematics In Patient With Achilles Tendinopathy aSGT UNIVERSITYbSGT UNIVERSITYc2021 a71 aMPT THESIS